[Event "Pinneberg-ch"]
[Site "Pinneberg"]
[Date "2009.08.27"]
[Round "1"]
[White "Vinck, Arne"]
[Black "Knops, Peter"]
[Result "1-0"]
[WhiteElo "1670"]
[BlackElo "2061"]
[PlyCount "99"]
[EventDate "2009.08.27"]
[EventType "swiss"]
[EventRounds "7"]
[EventCountry "GER"]
[SourceTitle "EXT 2012"]
[Source "ChessBase"]
[SourceDate "2011.11.24"]
[SourceVersion "1"]
[SourceVersionDate "2011.11.24"]
[SourceQuality "1"]

1. e4 c5 2. Nc3 Nc6 3. g3 g6 4. Bg2 Bg7 5. d3 d6 6. Be3 Nf6 7. h3 Bd7 8. Qd2 Rb8 9. Bh6 0-0 10. Bxg7 Kxg7 11. f4 b5 12. Nf3 Qc7 13. 0-0 e6 14. Rae1 d5 15. exd5 exd5 16. Ne5 Be6 17. f5 Nxe5 18. fxe6 fxe6 19. Qg5 Nc6 20. Rxe6 h6 21. Qe3 d4 22. Rxc6 Qxc6 23. Qe7+ Rf7 24. Qxf7+ Kxf7 25. Bxc6 dxc3 26. bxc3 Ke6 27. d4 Rb6 28. Re1+ Kd6 29. Bf3 g5 30. Re5 Ra6 31. Rxc5 Rxa2 32. Rc6+ Ke7 33. d5 Rxc2 34. Re6+ Kf7 35. Ra6 Rxc3 36. Rxa7+ Kg6 37. Kf2 g4 38. hxg4 Rxf3+ 39. Kxf3 Nxd5 40. Rb7 b4 41. Rb5 Nf6 42. Rxb4 Kg5 43. Rb5+ Kg6 44. Kf4 Nd7 45. Rd5 Nf8 46. Rd6+ Kg7 47. Kf5 Nh7 48. Rd7+ Kg8 49. Ra7 Nf8 50. Kf6 1-0